[Event "IV Festival A"]
[Site "Forni di Sopra ITA"]
[Date "2013.06.18"]
[Round "5"]
[White "Dvirnyy, Danyyil"]
[Black "Hambleton, Aman"]
[WhiteElo "2540"]
[BlackElo "2461"]
[Result "1-0"]
[PlyCount "47"]
[EventDate "2013.06.15"]

1. Nf3 Nf6 2. c4 c5 3. g3 b6 4. Bg2 Bb7 5. O-O e6 6. Nc3 a6 7. Re1 d6 8. e4
Nbd7 9. d4 cxd4 10. Nxd4 Qc7 11. Nd5 Qb8 12. Bg5 Be7 13. Nxe7 Kxe7 14. f4 h6
15. Bxf6+ Nxf6 16. e5 dxe5 17. fxe5 Nd7 18. Bc6 Qc7 19. Qf3 Nxe5 20. Qa3+ Kf6
21. Bxb7 Qxb7 22. Qc3 Rhd8 23. Re3 Qc7 24. Nf3 1-0

[Event "IV Festival A"]
[Site "Forni di Sopra ITA"]
[Date "2013.06.18"]
[Round "5"]
[White "Garcia Palermo, Carlos Horacio"]
[Black "Altini, Nicola"]
[WhiteElo "2468"]
[BlackElo "2323"]
[Result "1/2-1/2"]
[PlyCount "109"]
[EventDate "2013.06.15"]

1. d4 d5 2. c4 c6 3. e3 Nf6 4. Bd3 e5 5. Nc3 e4 6. Bc2 Bd6 7. f3 O-O 8. fxe4
dxe4 9. Bxe4 Nxe4 10. Nxe4 Re8 11. Nf2 Bb4+ 12. Kf1 Be6 13. Qd3 b5 14. cxb5
cxb5 15. b3 Nd7 16. Ne2 Nf6 17. e4 Nxe4 18. Qxe4 Bc4 19. Qxe8+ Qxe8 20. bxc4
Qe6 21. Nd3 Qxc4 22. Ne5 Qc2 23. Be3 f6 24. Rc1 Qe4 25. Nc6 Ba3 26. Kf2 Re8 27.
Rc3 b4 28. Ng3 Qe6 29. d5 Qxd5 30. Rc2 b3 31. axb3 Qxb3 32. Re2 Qd5 33. Nd4 Bc5
34. Rd1 h5 35. Rdd2 h4 36. Nf1 Qh5 37. Nf3 h3 38. g3 Qf5 39. Rc2 Bb6 40. Bxb6
Rxe2+ 41. Rxe2 axb6 42. Ne3 Qb1 43. g4 b5 44. Nf5 g6 45. N5d4 b4 46. Re3 Qh1
47. Kg3 Qg2+ 48. Kf4 Qf1 49. Rb3 g5+ 50. Ke4 Qc1 51. Re3 Kf7 52. Kd3 Qf1+ 53.
Ke4 Qc1 54. Kd3 Qf1+ 55. Ke4 1/2-1/2

[Event "IV Festival A"]
[Site "Forni di Sopra ITA"]
[Date "2013.06.18"]
[Round "5"]
[White "Horvath, Csaba"]
[Black "D'Amore, Carlo"]
[WhiteElo "2516"]
[BlackElo "2485"]
[Result "0-1"]
[PlyCount "80"]
[EventDate "2013.06.15"]

1. d4 d5 2. c4 c6 3. Nc3 Nf6 4. e3 a6 5. Bd2 b5 6. cxd5 cxd5 7. Rc1 e6 8. Nf3
Bd6 9. Ne5 Bb7 10. Bd3 O-O 11. O-O Nbd7 12. f4 Ne4 13. Be1 f6 14. Nxe4 dxe4 15.
Nc6 Bxc6 16. Rxc6 Nb8 17. Rxd6 Qxd6 18. Bxe4 Ra7 19. Qb3 Re8 20. f5 Kh8 21. Bg3
e5 22. dxe5 fxe5 23. f6 gxf6 24. Bh4 Rf8 25. Qc2 Rg7 26. Rf5 Nd7 27. Rh5 Qe7
28. Rh6 Nc5 29. Rxf6 Rxf6 30. Bxf6 Qxf6 31. Qxc5 Qh4 32. h3 Qe1+ 33. Kh2 Qg3+
34. Kh1 Rf7 35. Bf5 Qg7 36. e4 Rc7 37. Qd6 Qe7 38. Qxa6 Qg5 39. Qa8+ Kg7 40. h4
Qg3 0-1

[Event "IV Festival A"]
[Site "Forni di Sopra ITA"]
[Date "2013.06.18"]
[Round "5"]
[White "Messina, Roberta"]
[Black "Formento, Paolo"]
[WhiteElo "2020"]
[BlackElo "2249"]
[Result "1-0"]
[PlyCount "119"]
[EventDate "2013.06.15"]

1. Nf3 b6 2. c4 Bb7 3. Nc3 e6 4. e4 Bb4 5. Bd3 Ne7 6. a3 Bxc3 7. dxc3 d6 8. O-O
e5 9. Nh4 Ng6 10. Nf5 O-O 11. Be3 Nd7 12. b4 Nh4 13. f3 Re8 14. Qc2 Nxf5 15.
exf5 Nf6 16. Bg5 d5 17. cxd5 Bxd5 18. Rad1 Qe7 19. Rfe1 Qf8 20. Bb5 c6 21. Bf1
b5 22. c4 bxc4 23. Bxc4 Rad8 24. Be3 Qe7 25. Bc5 Qc7 26. Ba6 e4 27. fxe4 Bxe4
28. Rxd8 Qxd8 29. Qf2 Qd7 30. Qd4 Qxf5 31. Bxa7 Qg6 32. Bf1 h5 33. Qf2 Re5 34.
Bd4 Rf5 35. Qb2 Ng4 36. h3 Rxf1+ 37. Rxf1 Nh6 38. Rf2 Nf5 39. Bc5 Nh4 40. Qe2
f5 41. Be7 Qg3 42. Bxh4 Qxh4 43. Qc4+ Kh7 44. Rxf5 Qe1+ 45. Rf1 Qe3+ 46. Rf2
Qe1+ 47. Qf1 Qc3 48. Qe2 Bg6 49. Qf3 Qa1+ 50. Kh2 Qd4 51. Qf4 Qd1 52. Rf3 Bc2
53. Qg5 Qd6+ 54. Rg3 g6 55. h4 Bb3 56. Qc5 Qf4 57. Qe7+ Bf7 58. a4 Kg8 59. a5
Qb8 60. a6 1-0

[Event "IV Festival A"]
[Site "Forni di Sopra ITA"]
[Date "2013.06.18"]
[Round "5"]
[White "Pancevski, Filip"]
[Black "Codenotti, Marco"]
[WhiteElo "2513"]
[BlackElo "2390"]
[Result "1-0"]
[PlyCount "109"]
[EventDate "2013.06.15"]

1. d4 d5 2. Nc3 Nf6 3. Bg5 Bf5 4. Bxf6 exf6 5. e3 c6 6. Nge2 Bd6 7. g3 h5 8. h4
Na6 9. a3 Nc7 10. Bg2 Qd7 11. Qd2 Bg4 12. Na4 Qe7 13. Qd3 O-O 14. Nac3 g6 15.
Nb1 Bf5 16. Qd1 Be4 17. Bxe4 Qxe4 18. O-O f5 19. Nd2 Qe6 20. Rc1 Rfd8 21. c4
dxc4 22. Nxc4 Nd5 23. b4 Rd7 24. Qb3 f4 25. Nxf4 Bxf4 26. exf4 Nc7 27. Qe3 Rad8
28. Rfd1 Nb5 29. Qxe6 fxe6 30. Re1 Nxd4 31. Kg2 Kg7 32. Re4 Rd5 33. Ne3 R5d7
34. Rc5 Kf6 35. Rce5 Rd6 36. Nc4 Rd5 37. Na5 b6 38. Nc4 R5d7 39. Re3 Rd5 40.
Rc3 Nb5 41. Rc1 Nd4 42. Re4 Nb3 43. Rc3 Rd3 44. Re3 Rxc3 45. Rxc3 Nd4 46. Ne5
Rd6 47. a4 Rd5 48. Rc1 a5 49. bxa5 Rxa5 50. Nd7+ Ke7 51. Nxb6 Ra6 52. Rb1 Kf7
53. Nc4 Ra7 54. a5 Kf6 55. Rb6 1-0

[Event "IV Festival A"]
[Site "Forni di Sopra ITA"]
[Date "2013.06.18"]
[Round "5"]
[White "Sardo, Gabriele"]
[Black "Sundararajan, Kidambi"]
[WhiteElo "2208"]
[BlackElo "2428"]
[Result "0-1"]
[PlyCount "56"]
[EventDate "2013.06.15"]

1. d4 Nf6 2. c4 e6 3. Nc3 Bb4 4. e3 O-O 5. Bd3 d5 6. Nf3 c5 7. O-O dxc4 8. Bxc4
Nbd7 9. Qe2 a6 10. Rd1 b5 11. Bb3 Bb7 12. Ne5 Qe7 13. Nxd7 Qxd7 14. a3 Ba5 15.
f3 cxd4 16. Rxd4 Qe7 17. Rd1 Bb6 18. Kh1 Nh5 19. Qe1 Rad8 20. e4 Qc5 21. Bd2
Rd3 22. Qh4 Rfd8 23. Nd5 exd5 24. Rac1 Qf2 25. Qxf2 Bxf2 26. Bg5 Rxd1+ 27. Rxd1
Rd7 28. exd5 h6 0-1

[Event "IV Festival A"]
[Site "Forni di Sopra ITA"]
[Date "2013.06.18"]
[Round "5"]
[White "Tania, Sachdev"]
[Black "Moskalenko, Viktor"]
[WhiteElo "2408"]
[BlackElo "2536"]
[Result "1-0"]
[PlyCount "53"]
[EventDate "2013.06.15"]

1. d4 e6 2. c4 f5 3. g3 Nf6 4. Bg2 d5 5. Nh3 c6 6. Nd2 Bd6 7. Qc2 O-O 8. Nf3
Ne4 9. O-O Nd7 10. Nf4 Qe7 11. Nd3 b6 12. Bf4 Ba6 13. cxd5 cxd5 14. Qa4 Bxd3
15. Bxd6 Qxd6 16. exd3 Nef6 17. Rfe1 Rfc8 18. Rac1 a5 19. Rc2 Rxc2 20. Qxc2 Nf8
21. Rc1 N6d7 22. Qa4 Qb4 23. Qc6 Qxb2 24. Ng5 Re8 25. Bxd5 exd5 26. Qxd5+ Ne6
27. Rc8 1-0

[Event "IV Festival A"]
[Site "Forni di Sopra ITA"]
[Date "2013.06.19"]
[Round "6"]
[White "Altini, Nicola"]
[Black "Borgo, Giulio"]
[WhiteElo "2323"]
[BlackElo "2378"]
[Result "1-0"]
[PlyCount "67"]
[EventDate "2013.06.15"]

1. d4 Nf6 2. c4 c5 3. d5 e5 4. Nc3 d6 5. e4 Nbd7 6. g3 Be7 7. Bg2 Nf8 8. Nf3 a6
9. O-O Bg4 10. h3 Bd7 11. Nxe5 dxe5 12. d6 Ne6 13. dxe7 Qxe7 14. Nd5 Nxd5 15.
cxd5 Nd4 16. f4 O-O 17. fxe5 Qxe5 18. Bf4 Qe7 19. Rc1 Rac8 20. Be3 f5 21. Bxd4
cxd4 22. Rxc8 Rxc8 23. Qxd4 fxe4 24. d6 Qg5 25. Qxe4 Qc5+ 26. Rf2 Qxd6 27. Qd5+
Qe6 28. Qxb7 Rc5 29. Qf3 Rc8 30. Qd5 g6 31. Rf6 Rc1+ 32. Kh2 Qxd5 33. Bxd5+ Kh8
34. Rf8+ 1-0

[Event "IV Festival A"]
[Site "Forni di Sopra ITA"]
[Date "2013.06.19"]
[Round "6"]
[White "Hambleton, Aman"]
[Black "Sundararajan, Kidambi"]
[WhiteElo "2461"]
[BlackElo "2428"]
[Result "1-0"]
[PlyCount "71"]
[EventDate "2013.06.15"]

1. d4 Nf6 2. c4 e6 3. Nc3 Bb4 4. Qc2 O-O 5. a3 Bxc3+ 6. Qxc3 d6 7. f3 d5 8.
cxd5 exd5 9. Bg5 Re8 10. e3 h6 11. Bh4 c5 12. Ne2 Nc6 13. dxc5 d4 14. exd4 g5
15. Bf2 Nd5 16. Qd2 Bf5 17. Kd1 Na5 18. Nc1 b6 19. Bb5 Bd7 20. Bxd7 Qxd7 21.
Kc2 bxc5 22. dxc5 Rab8 23. Ra2 Nc4 24. Qd3 Nxa3+ 25. Kd2 Qa4 26. Qxa3 Qf4+ 27.
Kc2 Qf5+ 28. Kd2 Rbd8 29. b4 Nxb4+ 30. Kc3 Rd3+ 31. Kxb4 Rb8+ 32. Ka5 Rxa3+ 33.
Rxa3 Qd7 34. Rb3 Qd2+ 35. Ka4 Qa2+ 36. Nxa2 1-0

[Event "IV Festival A"]
[Site "Forni di Sopra ITA"]
[Date "2013.06.19"]
[Round "6"]
[White "Laketic, Gojko"]
[Black "Garcia Palermo, Carlos Horacio"]
[WhiteElo "2410"]
[BlackElo "2468"]
[Result "1/2-1/2"]
[PlyCount "67"]
[EventDate "2013.06.15"]

1. d4 Nf6 2. Nf3 e6 3. c4 b6 4. g3 Ba6 5. b3 Bb7 6. Bg2 Bb4+ 7. Bd2 c5 8. O-O
O-O 9. Bc3 Na6 10. Bb2 d5 11. cxd5 exd5 12. Ne5 Qe7 13. a3 Ba5 14. Nd3 Rfe8 15.
e3 Ne4 16. dxc5 bxc5 17. b4 cxb4 18. axb4 Bb6 19. Qg4 d4 20. exd4 Nf6 21. Qh3
Bxg2 22. Qxg2 Nxb4 23. Ba3 Nfd5 24. Nd2 Bxd4 25. Rae1 Qf8 26. Re4 Rxe4 27. Qxe4
Nc3 28. Qf3 a5 29. Nxb4 axb4 30. Bxb4 Qc8 31. Bxc3 Bxc3 32. Rc1 Ra1 33. Nb1 Qb8
34. Qxc3 1/2-1/2

[Event "IV Festival A"]
[Site "Forni di Sopra ITA"]
[Date "2013.06.19"]
[Round "6"]
[White "Lazic, Miroljub"]
[Black "Rambaldi, Francesco"]
[WhiteElo "2467"]
[BlackElo "2340"]
[Result "1-0"]
[PlyCount "67"]
[EventDate "2013.06.15"]

1. g3 c5 2. c4 Nc6 3. Bg2 g6 4. Nc3 Bg7 5. d3 e5 6. Nf3 Nge7 7. O-O O-O 8. Ne1
d6 9. Nc2 Be6 10. Ne3 Qd7 11. Ned5 Bh3 12. Bxh3 Qxh3 13. e3 Nxd5 14. Nxd5 Qd7
15. Rb1 Ne7 16. Qf3 Nxd5 17. Qxd5 Qa4 18. Ra1 Qc2 19. a4 Kh8 20. Ra3 b6 21. a5
Rab8 22. axb6 Rxb6 23. Rxa7 Kg8 24. Rd7 e4 25. dxe4 Rb4 26. Rxd6 Rxc4 27. e5
Re4 28. f4 Rb4 29. Rd7 c4 30. e6 Rbb8 31. e7 Rfe8 32. Rd8 Bf6 33. Rxb8 Rxb8 34.
Qd6 1-0

[Event "IV Festival A"]
[Site "Forni di Sopra ITA"]
[Date "2013.06.19"]
[Round "6"]
[White "Naumkin, Igor"]
[Black "Boscolo, Federico"]
[WhiteElo "2457"]
[BlackElo "2314"]
[Result "1/2-1/2"]
[PlyCount "77"]
[EventDate "2013.06.15"]

1. d4 Nf6 2. Nf3 g6 3. c4 Bg7 4. g3 O-O 5. Bg2 d6 6. O-O Nc6 7. Nc3 Rb8 8. h3
a6 9. e4 b5 10. Qe2 Nd7 11. Be3 e5 12. dxe5 Ndxe5 13. Nd2 Nxc4 14. Nxc4 bxc4
15. Qxc4 Ne5 16. Qe2 Be6 17. b3 Nc4 18. bxc4 Bxc3 19. Rac1 Rb2 20. Rc2 Rxc2 21.
Qxc2 Qf6 22. c5 Bd4 23. Bxd4 Qxd4 24. cxd6 cxd6 25. Rd1 Qc5 26. Qd2 Rb8 27.
Qxd6 Qxd6 28. Rxd6 Rb1+ 29. Kh2 Rb2 30. Rxa6 Rxf2 31. a4 Ra2 32. g4 Kg7 33. Kg3
g5 34. Ra5 h6 35. Ra7 Bc4 36. e5 Ra3+ 37. Kf2 Ra2+ 38. Kg3 Ra3+ 39. Kf2 1/2-1/2

[Event "IV Festival A"]
[Site "Forni di Sopra ITA"]
[Date "2013.06.19"]
[Round "6"]
[White "Pancevski, Filip"]
[Black "Tania, Sachdev"]
[WhiteElo "2513"]
[BlackElo "2408"]
[Result "1/2-1/2"]
[PlyCount "34"]
[EventDate "2013.06.15"]

1. e4 e5 2. Nf3 Nc6 3. Bc4 Nf6 4. d3 Bc5 5. O-O O-O 6. Nbd2 d6 7. c3 a6 8. Bb3
Be6 9. Bc2 Ba7 10. h3 Ne7 11. Re1 Ng6 12. Nf1 d5 13. exd5 Nxd5 14. Ng3 Re8 15.
a3 f6 16. d4 exd4 17. Nxd4 Bf7 1/2-1/2

[Event "IV Festival A"]
[Site "Forni di Sopra ITA"]
[Date "2013.06.19"]
[Round "6"]
[White "Valsecchi, Alessio"]
[Black "Albano, Marco"]
[WhiteElo "2422"]
[BlackElo "2256"]
[Result "1-0"]
[PlyCount "103"]
[EventDate "2013.06.15"]

1. e4 e5 2. Nf3 Nc6 3. Bb5 a6 4. Ba4 Nf6 5. O-O Be7 6. d4 O-O 7. Re1 Nxd4 8.
Nxd4 exd4 9. e5 Ne8 10. Bb3 d6 11. Qxd4 dxe5 12. Qxd8 Bxd8 13. Nc3 Nf6 14. Rxe5
Nd7 15. Re2 Nc5 16. Bf4 Bg4 17. f3 Be6 18. Rd1 Nxb3 19. axb3 c6 20. Ne4 Bb6+
21. Be3 Rad8 22. Rxd8 Bxe3+ 23. Rxe3 Rxd8 24. Kf2 b6 25. Ke2 h6 26. g4 Kf8 27.
h3 c5 28. c4 Rb8 29. Kd3 Bd7 30. Kc3 Bc6 31. Nf2 Re8 32. Kd2 Rxe3 33. Kxe3 Ke7
34. h4 g6 35. Nd3 a5 36. Kf4 f6 37. Ke3 Be8 38. Nf4 Bf7 39. Ke4 Kd6 40. h5 g5
41. Ne2 Ke6 42. f4 Be8 43. Ng3 a4 44. Nf5 Bc6+ 45. Ke3 gxf4+ 46. Kxf4 axb3 47.
Nxh6 b5 48. cxb5 c4 49. Nf5 c3 50. Nd4+ Kd5 51. bxc6 cxb2 52. Nb5 1-0

[Event "IV Festival A"]
[Site "Forni di Sopra ITA"]
[Date "2013.06.20"]
[Round "7"]
[White "Garcia Palermo, Carlos Horacio"]
[Black "Boscolo, Federico"]
[WhiteElo "2468"]
[BlackElo "2314"]
[Result "1/2-1/2"]
[PlyCount "77"]
[EventDate "2013.06.15"]

1. d4 Nf6 2. Bg5 e6 3. Nd2 c5 4. e3 b6 5. Ne4 Be7 6. Bxf6 gxf6 7. d5 f5 8. Nc3
Bf6 9. Bc4 Bxc3+ 10. bxc3 Qf6 11. Ne2 O-O 12. O-O Kh8 13. a4 Bb7 14. a5 b5 15.
Bxb5 Bxd5 16. Nf4 Bc6 17. Qd6 Rg8 18. Rab1 Qxc3 19. Bxc6 Nxc6 20. Qxd7 Ne5 21.
Qe7 Nf3+ 22. Kh1 Nd2 23. Qxf7 Nxb1 24. Rxb1 Rab8 25. Rg1 Qe5 26. h3 Rg7 27. Qh5
c4 28. Rd1 Qe4 29. Qh4 Rbg8 30. Rd8 Rxg2 31. Qf6+ R2g7+ 32. Kh2 Qb7 33. Rxg8+
Kxg8 34. Qxe6+ Kh8 35. Qxc4 Qb1 36. Qc8+ Rg8 37. Qc3+ Rg7 38. Qc8+ Rg8 39. Qc3+
1/2-1/2

[Event "IV Festival A"]
[Site "Forni di Sopra ITA"]
[Date "2013.06.20"]
[Round "7"]
[White "Horvath, Csaba"]
[Black "Laketic, Gojko"]
[WhiteElo "2516"]
[BlackElo "2410"]
[Result "1/2-1/2"]
[PlyCount "54"]
[EventDate "2013.06.15"]

1. d4 d5 2. c4 c6 3. Nf3 Nf6 4. Nc3 a6 5. Ne5 g6 6. Bf4 Bg7 7. h3 Nh5 8. Bh2
dxc4 9. e3 b5 10. Be2 Nf6 11. Bf3 Bb7 12. a4 Nd5 13. Bxd5 cxd5 14. axb5 O-O 15.
bxa6 Nxa6 16. O-O f6 17. Nf3 Qb6 18. Rb1 Qa5 19. Qd2 Nb4 20. b3 Rfc8 21. bxc4
Rxc4 22. Qb2 Qa3 23. Nd2 Rxc3 24. Qxb4 Ba6 25. Qxa3 Rxa3 26. Rfc1 Bd3 27. Rb8+
Rxb8 1/2-1/2

[Event "IV Festival A"]
[Site "Forni di Sopra ITA"]
[Date "2013.06.20"]
[Round "7"]
[White "Levin, Felix"]
[Black "Codenotti, Marco"]
[WhiteElo "2497"]
[BlackElo "2390"]
[Result "1/2-1/2"]
[PlyCount "125"]
[EventDate "2013.06.15"]

1. Nf3 g6 2. e4 c5 3. d4 cxd4 4. Nxd4 Nc6 5. c4 Nf6 6. Nc3 d6 7. f3 Nxd4 8.
Qxd4 Bg7 9. Be3 O-O 10. Qd2 a5 11. Na4 Nd7 12. Rd1 Qc7 13. Be2 Nc5 14. Nc3 Be6
15. b3 Qb6 16. Nb5 Rfc8 17. O-O Bd7 18. Rc1 Qd8 19. Nc3 Bc6 20. Rc2 Qf8 21. Rb1
h5 22. a3 Kh7 23. b4 axb4 24. axb4 Na4 25. Nd1 Bh6 26. Ra2 Bxe3+ 27. Qxe3 Qd8
28. e5 Qb6 29. Qxb6 Nxb6 30. Rxa8 Rxa8 31. exd6 exd6 32. Nc3 Ra3 33. Rc1 Na4
34. Nxa4 Bxa4 35. f4 Ra2 36. Bf3 Bc6 37. Bxc6 bxc6 38. Rb1 Ra6 39. b5 Rb6 40.
Kf2 Kg7 41. Ke3 Kf6 42. Kd4 Ke6 43. g3 Ke7 44. h3 Ke6 45. g4 hxg4 46. hxg4 Ke7
47. f5 gxf5 48. gxf5 Kf6 49. Kc3 cxb5 50. cxb5 Kxf5 51. Kb4 f6 52. Ka5 Rb8 53.
b6 Ke4 54. Re1+ Kd4 55. Rd1+ Ke4 56. Rxd6 f5 57. Ka6 f4 58. b7 f3 59. Ka7 Rxb7+
60. Kxb7 f2 61. Rf6 Ke3 62. Rxf2 Kxf2 63. Kc6 1/2-1/2

[Event "IV Festival A"]
[Site "Forni di Sopra ITA"]
[Date "2013.06.20"]
[Round "7"]
[White "Tania, Sachdev"]
[Black "Lazic, Miroljub"]
[WhiteElo "2408"]
[BlackElo "2467"]
[Result "1/2-1/2"]
[PlyCount "69"]
[EventDate "2013.06.15"]

1. d4 d6 2. c4 e5 3. Nf3 e4 4. Ng5 f5 5. g3 Be7 6. Nh3 Nf6 7. Bg2 O-O 8. O-O c6
9. Nc3 Kh8 10. d5 Nbd7 11. f3 Ne5 12. b3 cxd5 13. cxd5 Qa5 14. Bb2 Nc4 15. bxc4
Qb6+ 16. Nf2 Qxb2 17. Nb5 Bd7 18. Qc1 Qxc1 19. Rfxc1 Nxd5 20. fxe4 Ne3 21. exf5
Nxg2 22. Kxg2 Bxf5 23. e4 Bg6 24. Nc7 Rac8 25. Ne6 Rfe8 26. Rab1 b6 27. Nf4 Bf7
28. Nd5 Bg5 29. Rc2 h5 30. h4 Bh6 31. Rb4 Re5 32. Re2 Ree8 33. Ra4 Bxd5 34.
cxd5 Re7 35. Nd3 1/2-1/2

[Event "IV Festival A"]
[Site "Forni di Sopra ITA"]
[Date "2013.06.20"]
[Round "7"]
[White "Valsecchi, Alessio"]
[Black "Altini, Nicola"]
[WhiteElo "2422"]
[BlackElo "2323"]
[Result "0-1"]
[PlyCount "88"]
[EventDate "2013.06.15"]

1. e4 e5 2. Nf3 Nc6 3. Bb5 Nf6 4. O-O Nxe4 5. d4 Nd6 6. dxe5 Nxb5 7. a4 d6 8.
e6 fxe6 9. axb5 Nb4 10. Bd2 c5 11. bxc6 Nxc6 12. b4 Be7 13. b5 Nb8 14. Re1 O-O
15. Bb4 a5 16. Nc3 axb4 17. Rxa8 bxc3 18. Rxb8 Qc7 19. Ra8 Bf6 20. Qd3 Qc5 21.
Qe3 Qxe3 22. fxe3 Bd7 23. Rb1 d5 24. Rxf8+ Kxf8 25. g4 g5 26. Nd4 Ke7 27. Rf1
e5 28. Nf5+ Ke6 29. Rb1 h5 30. h3 d4 31. e4 Be7 32. Kf2 Ba3 33. Kf3 Bb2 34. Rh1
hxg4+ 35. hxg4 Bxb5 36. Rh6+ Kd7 37. Rd6+ Kc7 38. Rd5 Ba4 39. Kf2 Bxc2 40. Rxe5
d3 41. Ne3 Bb3 42. Rb5 c2 43. Rxb3 c1=Q 44. Rxd3 Bd4 0-1

[Event "IV Festival A"]
[Site "Forni di Sopra ITA"]
[Date "2013.06.21"]
[Round "8"]
[White "Altini, Nicola"]
[Black "Dvirnyy, Danyyil"]
[WhiteElo "2323"]
[BlackElo "2540"]
[Result "1/2-1/2"]
[PlyCount "141"]
[EventDate "2013.06.15"]

1. d4 Nf6 2. c4 e6 3. Nf3 c5 4. d5 exd5 5. cxd5 d6 6. Nc3 g6 7. e4 Bg7 8. h3
O-O 9. Bd3 Nh5 10. O-O Nd7 11. Re1 Ne5 12. Be2 Nxf3+ 13. Bxf3 Qh4 14. Bxh5 gxh5
15. Qd2 Be5 16. Qg5+ Qxg5 17. Bxg5 Bd7 18. Bh4 Rfe8 19. a4 a6 20. a5 Rab8 21.
Bg3 Bxg3 22. fxg3 Re5 23. Rf1 f5 24. exf5 Bxf5 25. Rf4 b5 26. axb6 Rxb6 27.
Raf1 Bg6 28. R1f2 Kg7 29. g4 h4 30. Kh2 Re3 31. g5 Re5 32. Rxh4 Rxg5 33. Rhf4
Re5 34. g4 Be8 35. Kg2 Rb7 36. Rf6 Rd7 37. R6f5 Rxf5 38. Rxf5 Rb7 39. Rf2 Bf7
40. Kf3 Rb4 41. Ke3 Bg6 42. g5 Rh4 43. Rf6 Rxh3+ 44. Kf4 Rh4+ 45. Ke3 h5 46.
Rxd6 Rg4 47. Rxa6 h4 48. Ra1 h3 49. Rh1 Rg3+ 50. Kf4 Rd3 51. Ke5 Re3+ 52. Kf4
Rd3 53. Ke5 Re3+ 54. Kd6 Bf5 55. Kxc5 Kg6 56. d6 Rd3 57. Nd1 Be4 58. Rxh3 Rd5+
59. Kc4 Rxd1 60. Re3 Kf5 61. g6 Rxd6 62. Rg3 Rd8 63. g7 Rg8 64. Kc5 Kf6 65. b4
Bg6 66. b5 Rxg7 67. b6 Rh7 68. Rxg6+ Kxg6 69. Kc6 Kf6 70. b7 Rxb7 71. Kxb7
1/2-1/2

[Event "IV Festival A"]
[Site "Forni di Sopra ITA"]
[Date "2013.06.21"]
[Round "8"]
[White "Codenotti, Marco"]
[Black "Garcia Palermo, Carlos Horacio"]
[WhiteElo "2390"]
[BlackElo "2468"]
[Result "1/2-1/2"]
[PlyCount "88"]
[EventDate "2013.06.15"]

1. e4 e5 2. Nf3 Nc6 3. Bb5 Nf6 4. O-O Nxe4 5. Re1 Nd6 6. Nxe5 Be7 7. Bf1 Nf5 8.
Nf3 O-O 9. d4 d5 10. c3 g6 11. Bd3 a6 12. Nbd2 Ng7 13. Nf1 Bf5 14. Be2 Qd6 15.
Bh6 Rad8 16. Ng3 Bc8 17. Qd2 Rfe8 18. h3 Ne6 19. Bd3 Bf8 20. Bxf8 Qxf8 21. h4
f5 22. h5 f4 23. Nf1 gxh5 24. N1h2 Qf6 25. Ne5 Ng5 26. Nxc6 bxc6 27. Rxe8+ Rxe8
28. Re1 Rxe1+ 29. Qxe1 Kf8 30. Qe2 h4 31. Ng4 Qg7 32. Ne5 f3 33. Nxf3 Nh3+ 34.
Kh2 Nf4 35. Qf1 Bg4 36. Ne5 c5 37. Bxa6 c4 38. b3 Be2 39. Qg1 cxb3 40. Bxe2
Nxe2 41. Qb1 Qg5 42. Qxh7 Qf4+ 43. Kh1 Qc1+ 44. Kh2 Qf4+ 1/2-1/2

[Event "IV Festival A"]
[Site "Forni di Sopra ITA"]
[Date "2013.06.21"]
[Round "8"]
[White "Laketic, Gojko"]
[Black "Levin, Felix"]
[WhiteElo "2410"]
[BlackElo "2497"]
[Result "1-0"]
[PlyCount "61"]
[EventDate "2013.06.15"]

1. d4 d5 2. c4 dxc4 3. Nf3 Nf6 4. e3 b5 5. a4 b4 6. Bxc4 e6 7. Qe2 Bb7 8. O-O
Be7 9. Nbd2 O-O 10. Rd1 c5 11. Nb3 Nbd7 12. dxc5 Qc7 13. c6 Bxc6 14. Nfd4 Bb7
15. Nb5 Qc6 16. f3 a5 17. N5d4 Qb6 18. Kh1 Rfc8 19. e4 Qc7 20. Bb5 Nc5 21. Nxc5
Bxc5 22. Be3 Qe5 23. Bg1 g5 24. Rac1 Bd6 25. Nc6 Bxc6 26. Bxc6 Rab8 27. Rxd6
Qxd6 28. e5 Qe7 29. exf6 Qxf6 30. Rc4 e5 31. Ba7 1-0

[Event "IV Festival A"]
[Site "Forni di Sopra ITA"]
[Date "2013.06.21"]
[Round "8"]
[White "Lazic, Miroljub"]
[Black "Hambleton, Aman"]
[WhiteElo "2467"]
[BlackElo "2461"]
[Result "1/2-1/2"]
[PlyCount "115"]
[EventDate "2013.06.15"]

1. g3 c5 2. e4 e6 3. d3 d5 4. Nd2 Nc6 5. Ngf3 Bd6 6. Bg2 Nge7 7. O-O O-O 8. b3
Qc7 9. Bb2 Bd7 10. Re1 d4 11. c3 dxc3 12. Bxc3 e5 13. Nc4 b5 14. Nxd6 Qxd6 15.
Rc1 f6 16. Re2 Rfc8 17. Rec2 a5 18. Bd2 Nd8 19. Be3 Nb7 20. Nh4 g6 21. f4 a4
22. Rf2 axb3 23. Qxb3+ c4 24. dxc4 Na5 25. Rd1 Qc7 26. Qb4 Bg4 27. Rdf1 Nxc4
28. Bc1 Nc6 29. Qe1 Nd4 30. fxe5 Nxe5 31. Qe3 Qc3 32. h3 Be2 33. Rxe2 Qxe3+ 34.
Rxe3 Rxa2 35. Ree1 g5 36. Nf5 Rcc2 37. Ne3 Rc3 38. Kh1 Ne2 39. Nf5 Nd3 40. e5
Nexc1 41. Bd5+ Kf8 42. e6 Nxe1 43. e7+ Ke8 44. Bxa2 Ncd3 45. Bg8 Rc1 46. Bxh7
Ne5 47. h4 gxh4 48. gxh4 N1d3 49. Rxc1 Nxc1 50. h5 Ne2 51. Bg6+ Nxg6 52. hxg6
Ng3+ 53. Nxg3 Kxe7 54. Kg2 Kf8 55. Nf5 b4 56. Nd4 Kg7 57. Kf3 Kxg6 58. Ke4
1/2-1/2

[Event "IV Festival A"]
[Site "Forni di Sopra ITA"]
[Date "2013.06.21"]
[Round "8"]
[White "Naumkin, Igor"]
[Black "Basso, Pier Luigi"]
[WhiteElo "2457"]
[BlackElo "2231"]
[Result "1/2-1/2"]
[PlyCount "71"]
[EventDate "2013.06.15"]

1. d4 Nf6 2. c4 e6 3. Nf3 b6 4. g3 Bb7 5. Bg2 Be7 6. Nc3 Ne4 7. Bd2 Bf6 8. O-O
O-O 9. Rc1 c5 10. d5 exd5 11. cxd5 Nxd2 12. Qxd2 d6 13. g4 g6 14. g5 Bg7 15. h4
Re8 16. Nh2 Nd7 17. Ne4 Qe7 18. Rfe1 Qf8 19. e3 h6 20. f4 f5 21. Ng3 hxg5 22.
hxg5 Re7 23. Nf3 Rae8 24. Kh2 Qf7 25. Rcd1 Bh8 26. Bh3 Qg7 27. Nh4 Nf8 28. Re2
Ba6 29. Nhxf5 gxf5 30. Nxf5 Qg6 31. Nh6+ Kg7 32. Rg2 Qh5 33. Nf5+ Kg8 34. Nh6+
Kg7 35. Nf5+ Kg8 36. Nh6+ 1/2-1/2

[Event "IV Festival A"]
[Site "Forni di Sopra ITA"]
[Date "2013.06.21"]
[Round "8"]
[White "Pancevski, Filip"]
[Black "Horvath, Csaba"]
[WhiteElo "2513"]
[BlackElo "2516"]
[Result "1/2-1/2"]
[PlyCount "69"]
[EventDate "2013.06.15"]

1. e4 c5 2. Nf3 e6 3. d4 cxd4 4. Nxd4 a6 5. Nc3 Qc7 6. g3 Nf6 7. Bg2 Bb4 8.
Nde2 Be7 9. O-O Nc6 10. a4 O-O 11. h3 d6 12. g4 Rb8 13. g5 Nd7 14. Ng3 b5 15.
axb5 axb5 16. Kh1 b4 17. Nce2 Rd8 18. f4 d5 19. f5 dxe4 20. fxe6 Nde5 21. exf7+
Nxf7 22. Bf4 Bd6 23. Bxd6 Nxd6 24. Qd5+ Kh8 25. Nxe4 Nxe4 26. Qxe4 Bb7 27. Nf4
Nd4 28. Ra7 Bxe4 29. Rxc7 Bxc2 30. Re1 b3 31. h4 Nf5 32. h5 Rd4 33. Rb7 Rc8 34.
Rc7 Rb8 35. Rb7 1/2-1/2

[Event "IV Festival A"]
[Site "Forni di Sopra ITA"]
[Date "2013.06.22"]
[Round "9"]
[White "Bruno, Fabio"]
[Black "D'Amore, Carlo"]
[WhiteElo "2422"]
[BlackElo "2485"]
[Result "1/2-1/2"]
[PlyCount "22"]
[EventDate "2013.06.15"]

1. d4 d5 2. c4 c6 3. cxd5 cxd5 4. Nc3 Nf6 5. Bf4 Nc6 6. e3 a6 7. Bd3 Bg4 8.
Nge2 Bxe2 9. Qxe2 e6 10. O-O Bd6 11. Bxd6 Qxd6 1/2-1/2

[Event "IV Festival A"]
[Site "Forni di Sopra ITA"]
[Date "2013.06.22"]
[Round "9"]
[White "Dvirnyy, Danyyil"]
[Black "Moskalenko, Viktor"]
[WhiteElo "2540"]
[BlackElo "2536"]
[Result "1/2-1/2"]
[PlyCount "23"]
[EventDate "2013.06.15"]

1. d4 Nf6 2. c4 c6 3. Nc3 d5 4. cxd5 cxd5 5. Nf3 Nc6 6. Bf4 a6 7. e3 Bf5 8. Bd3
Bxd3 9. Qxd3 e6 10. O-O Bd6 11. Bxd6 Qxd6 12. Rfc1 1/2-1/2

[Event "IV Festival A"]
[Site "Forni di Sopra ITA"]
[Date "2013.06.22"]
[Round "9"]
[White "Garcia Palermo, Carlos Horacio"]
[Black "Ceschia, Ivano"]
[WhiteElo "2468"]
[BlackElo "2235"]
[Result "1-0"]
[PlyCount "53"]
[EventDate "2013.06.15"]

1. Nf3 c5 2. c4 Nf6 3. g3 Nc6 4. Bg2 e6 5. O-O d5 6. cxd5 exd5 7. d4 Be7 8. Nc3
O-O 9. Bg5 cxd4 10. Nxd4 h6 11. Be3 Be6 12. Qa4 Na5 13. Nxe6 fxe6 14. Bh3 Kf7
15. Rad1 a6 16. Bxe6+ Kxe6 17. Nxd5 b5 18. Qc2 Nxd5 19. Qe4+ Kf7 20. Rxd5 Qc8
21. Rc1 Qb7 22. b4 Bxb4 23. Qd4 Be7 24. Rd7 Rad8 25. Rxb7 Rxd4 26. Rxe7+ Kxe7
27. Bxd4 1-0